| 000 | 01146nam0a22002771 4500 | ||
|---|---|---|---|
| 001 | v19\rc\1998325 | ||
| 005 | 20260407101906.0 | ||
| 035 | _a(NLR Aleph) 005074143 | ||
| 090 |
_a7126999 _c7126999 |
||
| 100 | _a20080811d1915 u y0rusy50 ca | ||
| 101 | 0 | _arus | |
| 102 | _aRU | ||
| 105 | _aa z ||||| | ||
| 200 | 1 |
_aВыбор двигателей внутреннего горения небольшой мощности, по данным испытания их Бюро по сельскохозяйственной механике _fСост. Ю.А. Вейс _gГ.У.З. и З. Деп. земледелия |
|
| 210 |
_aПетроград _cтип. П.П. Сойкина _d1915 |
||
| 215 |
_a86 с. _cил., черт. _d24 |
||
| 700 | 1 |
_aВейс _bЮ.А. _f1878- _gЮвеналий Александрович _4220 |
|
| 712 | 0 | 1 |
_aРоссия _bДепартамент земледелия _3RU\NLR\AUTH\889929716 _9354964 |
| 801 | 0 |
_aRU _bNLR _gpsbo |
|
| 801 | 0 |
_aRU _bRuMoRGB _2psbo |
|
| 801 | 1 |
_aRU _bProSoft-M _2rusmarc |
|
| 852 |
_aNLR _j34.104.5.222 |
||
| 899 |
_aRuMoRGB _jV 103/55 |
||
| 899 |
_aRuMoRGB _jJ 83/430 |
||
| 942 | _cBOOK | ||
| 980 | _aNB | ||